000 00616nam a2200229Ia 4500
003 OSt
005 20220928104238.0
006 a|||||r|||| 00| 0
007 ta
008 220927b |||||||| |||| 00| 0 eng d
024 _a28441
037 _cTextual
040 _aSDCL
_cSDCL
_beng
041 _2eng
_aeng
082 _aQ2:4196, N2.1
100 _aPratyagatmanand Saraswati
_9409801
245 0 _aJapasutram.
260 _aVaranasi
_bBharatiya Vidya Prakashan
_c1992
300 _a274p.
_ccm.
942 _hQ2:4196, N2.1
_cTEXL
_2CC
999 _c725369
_d725369